Laboratory Manual Biology-XI (Record no. 12587)

MARC details
000 -LEADER
fixed length control field 00277nam a22000977a 4500
008 - FIXED-LENGTH DATA ELEMENTS--GENERAL INFORMATION
fixed length control field 240507b |||||||| |||| 00| 0 eng d
020 ## - INTERNATIONAL STANDARD BOOK NUMBER
International Standard Book Number 9788178555584
100 ## - MAIN ENTRY--PERSONAL NAME
Personal name Aggarwal V P
9 (RLIN) 700
245 ## - TITLE STATEMENT
Title Laboratory Manual Biology-XI
260 ## - PUBLICATION, DISTRIBUTION, ETC. (IMPRINT)
Place of publication, distribution, etc. New Delhi
Name of publisher, distributor, etc. Avichal Publishing Company
Date of publication, distribution, etc. 2024
Holdings
Withdrawn status Lost status Source of classification or shelving scheme Damaged status Koha normalized classification for sorting Not for loan Home library Current library Shelving location Date acquired Total Checkouts Total Renewals Full call number Barcode Date last seen Date last checked out Price effective from Koha item type
    Dewey Decimal Classification   AGG_574_000000000000000   Good Samaritan School Library Good Samaritan School Library Biography 05/07/2024 4 1 AGG574 AGG17929 10/29/2025 10/14/2025 05/07/2024 BOOK
    Dewey Decimal Classification   AGG_574_000000000000000   Good Samaritan School Library Good Samaritan School Library Biography 05/07/2024 1   AGG574 AGG17930 07/30/2024 07/02/2024 05/07/2024 BOOK

Powered by Koha